| 000 | 00643nam a22001577a 4500 | ||
|---|---|---|---|
| 003 | OSt | ||
| 005 | 20151130105145.0 | ||
| 008 | 151130b xxu||||| |||| 00| 0 eng d | ||
| 040 | _cRUA | ||
| 082 | _aFIS KEA 1996 B165 Or.1 | ||
| 100 |
_94018 _aKEA, KIM ENG. |
||
| 245 | _aExperimentation on fish canning at the royal agriculture university labotoru, ការពិសោធន៍កែច្នៃត្រីខកំប៉ុងនៅមន្ទីពិសោធន៍សាកលវិទ្យាល័យភូមិន្ទកសិកម្ម | ||
| 260 |
_aPhnom Penh _bRUA _c1996 |
||
| 300 |
_a57p. _bill. _c29cm. |
||
| 942 |
_2ddc _cFIS |
||
| 999 |
_c3737 _d3737 |
||